000 00779cam a2200229ui 4500
003 CO-ViMGA
005 20230915233129.0
008 150518s2015 sp 000 0 spa d
020 _a9789588846347
040 _aCO-ViMGA
_bspa
_cCO-ViMGA
082 0 4 _a577.07
_bH62g
100 1 0 _aHoffman, Mary
_923617
245 1 0 _aEl gran libro de la ecología
_cMary Hoffman
250 _aEdicin̤ especial para El Ministerio de Cultura
260 _aBogotá
_bJuventud
_c2015
300 _a[35] pg̀inas
_bilustraciones
_c31 cm
490 _aLeer es mi cuento
650 1 4 _2LEMB
_aEcología
_xEnseñanza
_xLiteratura juvenil
_923855
650 1 4 _2LEMB
_aEducación ambiental
_xLiteratura juvenil
_xEnseñanza
_923856
650 1 4 _2LEMB
_aLibros y lectura para niños
_9826
942 _2ddc
_cBK
999 _c4004
_d4004